000 01214nam a2200241 a 4500
001 BRCA_8997
005 20190320210503.0
008 140717s1776----sp-#######---#000-0#spa-#
041 _aspa
044 _asp
084 _aLM22
_b.L67 1776
100 1 _aLopez Muñoz, Antonio
_922330
245 1 0 _aDirectorio moral del reverendo Padre Fr. Francisco Echarri del Orden de N. Padre San Francisco en la Regular Observancia, segunda vez ilustrado, reformado y añadido
_cpor el R. P. Fr. Antonio Lopez Muñoz, lector dos veces jubilado, Examinador Synodal, Padre de la Provincia de Cartagena, del referido Orden, y Regente de Estudios en el Colegio de la Inmaculada Concepción de la Ciudad de Murcia; segunda impresión en dos tomos.
250 _a2a ed.
260 _aMurcia
_bPor Felipe Teruel
_c1776
300 _a548 p. (t.2)
_c22.2 x 16 cm
500 _aCon privilegio
500 _aEn portada: A costa de Joseph Santiago Gómez, Mercader de Libros, donde se hallará
500 _aEstado físico: presenta encuadernación en pergamino con lomo semi desprendido, cintas rotas y presencia del pez de plata
650 1 4 _aÉtica cristiana
_yObras anteriores a 1800
_922125
902 _aCFM
942 _2lcc
_cB
999 _c8648
_d8648